00994nab a22002057a 4500003000400000005001700004008004100021040000700062100003000069245011700099260004200216300001100258500003600269505022100305505008900526650002000615650002700635650001200662773011400674OSt20260212123225.0190506c xxu||||| |||| 00| 0 spa d cPJ aPicón, Liliana Noemí 10aDiscriminación directa e indirecta en los ámbitos laborales :bdesafíos probatorios /cLiliana N. Picón. aBuenos Aires :bAbeledoPerrot,c2023. ap. 3-9 aCita: TR LALEY AR/DOC/731/2023. aSumario: I. Introducción.— II. Carga de la prueba. Principios generales.— III. Las cargas probatorias dinámicas.—IV. Discriminación directa e indirecta. Distribución dinámica y pruebas estadísticas. t¿Te interesa el texto completo? Comunicate al correo: koha@justierradelfuego.gov.ar 0aDERECHO LABORAL 0aDISCRIMINACION LABORAL 0aMOBBING0 02751dBuenos Aires : AbeledoPerrot, 2013-tRevista de derecho laboral y seguridad social. Nº 10 - Mayo 2023